• 首页
  • 本馆介绍
  • 公告通知
  • 最新文献
  • 馆藏检索
  • 电子资源
  • 读者导购
  • 参考咨询
  • 我的图书馆
  • 登录
  • 详细信息显示
  • 放入我的书架
  • 预约/预借图书
  • 作者相关作品
  • 分类相关作品
  • 丛书相关作品
  • 出版社相关作品

书目信息

  • 表格格式
  • 工作单格式
  • 卡片格式
题名:
微机常见故障诊断与排除的软件技术
    
 
作者: 谢深泉 主编 ;唐东斌 , 朱珍民 , 谢深泉 编著
分册:  
出版信息: 北京   清华大学出版社  1995
页数: 247页
开本: 16开
丛书名:
单 册:
中图分类: TP306.3
科图分类:
主题词: 电子计算机--故障排除
电子资源:
ISBN: 7-302-01791-3
000 00770nam0 2200229 45
001 0210081681
005 20031219104058.2
010    @a7-302-01791-3@dCNY18.00
100    @a20021008d1995 km y0chiy0120 ea
101 0  @achi
105    @a z 000yy
200 1  @a微机常见故障诊断与排除的软件技术@AWei Ji Chang Jian Gu Zhang Zhen DuanYu Pai Chu De Ruan Jian Ji Shu@f谢深泉主编@FXie Shen Quan Zhu Bian@g唐东斌,朱珍民,谢深泉编著
210    @a北京@c清华大学出版社@d1995
215    @a247页@d16开
606 0  @a电子计算机@x故障排除
690    @aTP306.3@v4
701    @a谢深泉@4主编
702  0 @a唐东斌@ATang Dong Bin@4编著
702  0 @a朱珍民@AZhu Zhen Min@4编著
702  0 @a谢深泉@AXie Shen Quan@4编著
801    @aCN@bTSTC@c20021008
905    @b315158@dTP306.3@f1@e219
    
    微机常见故障诊断与排除的软件技术/谢深泉主编/唐东斌,朱珍民,谢深泉编著.-北京:清华大学出版社,1995
    247页;16开
    
    
    ISBN 7-302-01791-3:CNY18.00
    
●
相关链接 在E读中查询图书 在五车中查询图书 在当当中查询图书 在豆瓣中查询图书


正题名:微机常见故障诊断与排除的软件技术     索取号:TP306.3/219         预约/预借

序号 登录号 条形码 馆藏地/架位号 状态 备注
1 0315158   203151588   第二样本阅览室/ [索取号:TP306.3/219] 在馆    
唐山师范学院图书馆 欢迎您!
大连网信软件有限公司© 版权所有